000 00605nam a22002297a 4500
003 UA-OsUOA
001 48099
007 ta
008 20070830b un ||||| |||| 00| 0 ukr d
100 _aШарварок О.
090 _a821,161,2
_bШ25
942 _cBK
040 _aUA-OsUOA
_bukr
_cUA-OsUOA
_dUA-OsUOA
245 _aДе ти був Адаме?
300 _a144 с.
955 _a2
041 _aukr
080 _a821,161,2
260 _aК.
_bСлов'янський клуб
_c1993
650 7 _a82 Література. Літературознавство
_2UDC
999 _c334202
_d334202